Statistics for NASCAR Cup Winners at Auto Club Speedway

Click here to take the quiz!

General Stats

  • This quiz has been taken 597 times
    (203 since last reset)
  • The average score is 28 of 33

Answer Stats

YearWinner% Correct
2023Kyle Busch
99%
2019Kyle Busch
99%
2014Kyle Busch
99%
2013Kyle Busch
99%
2005Kyle Busch
99%
2003Kurt Busch
98%
2022Kyle Larson
98%
2017Kyle Larson
98%
2007Jimmie Johnson
95%
2016Jimmie Johnson
95%
2010Jimmie Johnson
95%
2009Jimmie Johnson
95%
2008Jimmie Johnson
95%
2002Jimmie Johnson
95%
1997Jeff Gordon
93%
2004Jeff Gordon
93%
1999Jeff Gordon
93%
2015Brad Keselowski
90%
2011Kevin Harvick
90%
2010Tony Stewart
89%
2012Tony Stewart
89%
2020Alex Bowman
86%
2018Martin Truex Jr
84%
2008Carl Edwards
81%
2007Matt Kenseth
80%
2006Matt Kenseth
80%
2009Matt Kenseth
80%
1998Mark Martin
77%
2006Kasey Kahne
70%
2005Greg Biffle
63%
2001Rusty Wallace
56%
2004Elliott Sadler
45%
2000Jeremy Mayfield
37%

Score Distribution

Percentile by Number Answered

Percent of People with Each Score

Your Score History

You have not taken this quiz since the last reset